LEADER 01004nam--2200325---450- 001 990002187860203316 005 20041118135802.0 035 $a000218786 035 $aUSA01000218786 035 $a(ALEPH)000218786USA01 035 $a000218786 100 $a20041118d1990----km-y0itay0103----ba 101 $aita 102 $aIT 105 $ay|||z|||001yy 200 1 $aElementi di tossicologia$eprincipi generali, organi bersaglio, valutazione del rischio$fFrank C. Lu$gedizione italiana a cura di Luciano Caprino 210 $aRoma$cedizioni mediche scientifiche internazionali$d1990 215 $aXIX, 401 p. 26 cm 454 1$12001$aBasic toxicology$934512 606 0 $aTossicologia 676 $a615.9 700 1$aLU,$bFrank C.$0101202 801 0$aIT$bsalbc$gISBD 912 $a990002187860203316 951 $a615.9 LU$b3895 Farm.$c615.9$d00138163 959 $aBK 969 $aTEC 979 $aCHIARA$b90$c20041118$lUSA01$h1358 996 $aBasic toxicology$934512 997 $aUNISA LEADER 01670oam 2200505M 450 001 9910715719803321 005 20191123062009.2 035 $a(CKB)5470000002514880 035 $a(OCoLC)1065576065 035 $a(OCoLC)995470000002514880 035 $a(EXLCZ)995470000002514880 100 $a20070221d1854 ua 0 101 0 $aeng 135 $aurcn||||||||| 181 $ctxt$2rdacontent 182 $cc$2rdamedia 183 $acr$2rdacarrier 200 10$aA.B. Roman. (To accompany Bill H.R. No. 391.) June 10, 1854 210 1$a[Washington, D.C.] :$c[publisher not identified],$d1854. 215 $a1 online resource (5 pages) 225 1 $aHouse report / 33rd Congress, 1st session. House ;$vno. 170 225 1 $a[United States congressional serial set ] ;$v[serial no. 743] 300 $aBatch processed record: Metadata reviewed, not verified. Some fields updated by batch processes. 300 $aFDLP item number not assigned. 517 $aA.B. Roman. 606 $aLand grants$zFrance 606 $aLand tenure 606 $aLand titles 606 $aPre-emption rights (United States) 606 $aLand grants 608 $aLegislative materials.$2lcgft 615 0$aLand grants 615 0$aLand tenure. 615 0$aLand titles. 615 0$aPre-emption rights (United States) 615 0$aLand grants. 701 $aNichols$b Matthias H.$f1824-1862$pDemocrat (OH)$01389596 801 0$bWYU 801 1$bWYU 801 2$bOCLCO 801 2$bOCLCQ 906 $aBOOK 912 $a9910715719803321 996 $aA.B. Roman. (To accompany Bill H.R. No. 391.) June 10, 1854$93467060 997 $aUNINA